1551 1174 1226 1131 1116 1055 1932 1694 1183 1940 1743 1906 1415 1609 1630 1938 1881 1103 1807 1074 1759 1988 1529 1751 1970 1724 1983 1394 1947 1225 1246 1757 1275 1233 1095 1005 1438 1544 1675 1680 1985 1356 1032 1364 1753 1555 1754 1126 1172 1112 1667 1120 1111 1071 1959 1430 1154 1910 1537 1165 1865 1290 1031 1648 1775 1470 1878 1546 1254 1776 1369 1155 1994 1710 1340 1821 1594 1823 1527 1828 1231 1743 1889 1098 1908 1355 1081 1799 1576 1606 1383 1119 1537 1602 1413 1365 1728 1754 1397 BCNSPRNW ULIB Ver.6.0+V

เปลี่ยนเป็นภาษาไทย

Change to English
 แสดงรายละเอียดบรรณานุกรม
  กลับหน้าหลัก

Brief Record : Get Marc (ISO 2709) : E-mail record : QR code < ปิดหน้าต่าง
LEADER : 00000nam 2200000uu 4500
001    13399121454
003     ULIB
008    110609s2546 th 000 1 tha d
020    ^a9789749167588
090    ^aรส^bส182ก 2546
100 0  ^aสถาพร ศรีสัจจา
245 10 ^aก่อนไปสู่ภูเขาและงานคัดสรร /^cสถาพร ศรีสัจจา, พนมนันทพฤกษ์
250    ^aพิมพ์ครั้งที่ 1
260    ^aกรุงเทพฯ :^bมูลนิธิสถาบันวิชาการ 14 ตุลา,^c2546
300    ^a148 หน้า ;^c21 ซม.
490 0  ^aหนังสือชุด''ตุลาวรรณกรรม''
500    ^aฉลองครบรอบ 30 ปี 14 ตุลา : 2516-2546 ร่วมวาระประวัติศาสตร์''''วัน 14 ตุลา ประชาธิปไตย''''
650  4 ^aเรื่องสั้นไทย^xรวมเรื่อง
650  4 ^aเรื่องสั้นไทย
650  4 ^aกวีนิพนธ์
650  4 ^aกวีนิพนธ์ไทย
700 0  ^aพนม นันทพฤกษ์
710 2  ^aมูลนิธิสถาบันวิชาการ 14 ตุลา
945    ^p0^l0^i14369
995    ^aกัณชพร
999    ^aกัณชพร
รายการนี้ยังไม่มีแท็ก
คุณยังไม่ได้ล็อกอิน คุณสามารถมีกิจกรรมร่วมกับเว็บไซต์ได้ แต่ต้องล็อกอินก่อน ::
  ล็อกอิน

รายการสื่อสารสนเทศ

ลำดับที่ ประเภท เลขเรียก/บาร์โค้ด สถานที่ สถานะ
1. นวนิยาย
นวนิยาย
รส ส182ก 2546  
  Barcode: 14369
ห้องสมุดวิทยาเขตสวรรค์ประชารักษ์
►นวนิยาย
บนชั้น
  ขอยืม

รายการใกล้เคียง
    หัวเรื่อง [เรื่องสั้นไทย]
    หัวเรื่อง [กวีนิพนธ์]
    หัวเรื่อง [กวีนิพนธ์ไทย]

BibComment


ยังไม่เคยถูกคอมเมนท์

คอมเมนท์ทรัพยากรรายการนี้
  คอมเมนท์: ก่อนไปสู่ภูเขาแล..


 Copyright 2026. Bcnsprnw @Library